Catalog

Record Details

Catalog Search



Die Judenfrage , ein christliches und ein deutsches Problem / von D.D. Paul Tillich

Record details

  • Physical Description: 48 s.
  • Publisher: W. Berlin : Gebrüder Weiss Verlag,

Content descriptions

General Note:
4 Vortraege.

Available copies

  • 1 of 1 copy available at Common Catalog SPOK.

Holds

  • 0 current holds with 1 total copy.
Show Only Available Copies
Location Call Number / Copy Notes Barcode Shelving Location Status Due Date
ETS Library 296 424470015460 Volný výběr Available -

LDR 00527 a2200181 a 450
00137958
003CZ-PrJAB
00520170513110933.0
035 . ‡a(CONS)12780
082 . ‡a296
100 . ‡aTillich, Paul, 1886-1965.
100 . ‡aTillich, Paul
245 . ‡aDie Judenfrage , ein christliches und ein deutsches Problem / ‡bvon D.D. Paul Tillich
260 . ‡aW. Berlin : ‡bGebrüder Weiss Verlag, ‡n 1953.
300 . ‡a48 s.
500 . ‡a4 Vortraege.
8524 . ‡bETS ‡bETS ‡cVolný výběr ‡j296 ‡p424470015460 ‡y$50.00
910 . ‡aABG450
999 . ‡a12780 ‡c12780 ‡tbiblio
905 . ‡uadmin
901 . ‡a37958 ‡b ‡c37958 ‡tbiblio ‡sets

Additional Resources